| 000 | 00859nam a2200241 a 4500 | ||
|---|---|---|---|
| 001 | 000032998 | ||
| 003 | DO-SdBNP | ||
| 005 | 20250401145414.0 | ||
| 008 | 110805s1955 dr a 000 0 spa d | ||
| 040 |
_aDO-SdBNP _bspa _cBNPHU |
||
| 082 |
_a398.083 _bF666i |
||
| 245 | 0 | 0 |
_aFolklore infantil de Santo Domingo / _crecogido y anotado por Edna Garrido de Boggs ; ilustrado por Gloria Gastón. |
| 260 |
_aMadrid : _bEdiciones Cultura Hispánica, _c1955. |
||
| 300 |
_a661 p. : _bil., mus. ; _c22 cm. |
||
| 650 | 4 |
_aJuegos _zRepública Dominicana _958717 |
|
| 650 | 4 |
_aCanciones folclóricas español _958718 |
|
| 650 | 4 |
_aFolclore y niños _958719 |
|
| 650 | 4 |
_aLiteratura folclórica dominicana _926923 |
|
| 700 | 1 | 2 |
_aGarrido de Boggs, Edna _922614 |
| 700 | 1 | 2 |
_aGastón, Gloria _eil. _926926 |
| 910 | _aValidado. Control de calidad MFF | ||
| 942 |
_2ddc _cLBS1 |
||
| 999 |
_c32489 _d32489 |
||